| 000 | 00657nam a2200181 a 4500 | ||
|---|---|---|---|
| 005 | 20210223120621.0 | ||
| 008 | 991125s1965 mx 000 0 spa u | ||
| 035 | _aUPN01000004320 | ||
| 049 | _aC | ||
| 050 | 4 |
_aZ1426.2 _bA73 1872 |
|
| 245 | 0 | 0 |
_aArchivo histórico de Matías Romero : _bcatálogo descriptivo : correspondencia recibida I : 1837-1872 / _ced. y pról. de Guadalupe Monroy. |
| 260 |
_aMéxico : _bBanco de México, _c1965. |
||
| 300 | _axx, 764 p. | ||
| 600 | 1 | 4 |
_aROMERO, MATIAS, _d1837-1898 - _vCORRESPONDENCIA, MEMORIAS, ETC. |
| 651 | 4 |
_aMEXICO - _xHISTORIA - _vBIBLIOGRAFIA _99906 |
|
| 700 | 1 |
_aMonroy Baigen, Guadalupe, _eed. |
|
| 905 | _aLibro | ||
| 999 |
_c4320 _d4320 |
||